000 00741nam a22001817a 4500
999 _c62915
_d62915
003 Ge_BSU
005 20250320112512.0
008 250320s1961 ge ||||| |||| 00| 0 geo d
041 _ageo
080 _a340.6(075.8) შ-21
100 _aშანიძე, ვახტანგ
_922369
245 _aსასამართლო მედიცინა :
_b სამედ. ინ-ტის სტუდენტებისათვის /
_c ვახტანგ შანიძე.
264 _aთბ. :
_b ცოდნა,
_c1961.
300 _a450 გვ. :
_bილ. ;
_c23 სმ.
653 _aსასამართლო მედიცინა
653 _aმედიცინა
942 _2udc
_cᲬᲘᲒᲜᲘ